The Sketch Book
محفوظ في:
| المؤلف الرئيسي: | |
|---|---|
| التنسيق: | كتاب |
| اللغة: | Undetermined |
| منشور في: |
Chicago, Estados Unidos
New American Library
1961
|
| الموضوعات: | |
| الوسوم: |
إضافة وسم
لا توجد وسوم, كن أول من يضع وسما على هذه التسجيلة!
|
MARC
| LEADER | 00000nam a2200000Ia 4500 | ||
|---|---|---|---|
| 008 | 170316s9999 xx 000 0 und d | ||
| 040 | |a cru BVZT | ||
| 090 | |a 810 I-2s | ||
| 100 | |a Irving, Washington | ||
| 245 | 4 | |a The Sketch Book | |
| 260 | |a Chicago, Estados Unidos | ||
| 260 | |b New American Library | ||
| 260 | |c 1961 | ||
| 300 | |a 378 páginas | ||
| 650 | |a LITERATURA ESTADOUNIDENSE | ||
| 999 | |c 5780 |d 5780 | ||
| 942 | |c 15 D |h 810 I-2s |2 z | ||
